[Event "Politiken Cup"]
[Site "Copenhagen"]
[Date "2006.07.27"]
[Round "6.103"]
[White "Pieri, Enzo"]
[Black "Snähre, Stig Allan"]
[Result "1-0"]
[WhiteElo "1940"]
[BlackElo "1594"]
[PlyCount "97"]
[EventDate "2006.??.??"]

1. e4 e5 2. Nf3 Nc6 3. Bb5 Nf6 4. O-O Nxe4 5. Re1 Nd6 6. Nxe5 Be7 7. Nxc6 dxc6
8. Ba4 O-O 9. d4 Re8 10. d5 b5 11. Bb3 cxd5 12. Bxd5 Bb7 13. Bf4 Bxd5 14. Qxd5
Qd7 15. Nd2 c6 16. Rxe7 Qxe7 17. Qxd6 Qxd6 18. Bxd6 Re2 19. Bf4 Rd8 20. Rd1 Re4
21. Be3 Ra4 22. a3 a5 23. Kf1 Rd5 24. Ke2 Kf8 25. Rc1 Rg4 26. g3 a4 27. c4 Rd8
28. cxb5 cxb5 29. Kf3 Rg6 30. Ne4 Ra6 31. Rc7 h6 32. Rb7 Raa8 33. Rxb5 Rdb8 34.
Bc5+ Kg8 35. Rxb8+ Rxb8 36. Bb4 Kh7 37. Nc5 Ra8 38. b3 axb3 39. Nxb3 Kg6 40.
Kf4 Kh7 41. Nc5 Kg8 42. h4 Kh7 43. a4 Kg8 44. a5 Rc8 45. Ke5 Kf8 46. Kd5 Ke8
47. a6 Ra8 48. Kc6 Kd8 49. Kb7 1-0

[Event "Politiken Cup"]
[Site "Copenhagen"]
[Date "2006.07.27"]
[Round "6.104"]
[White "Rasmussen, Henning"]
[Black "Almasy, Alexander Christian"]
[Result "1/2-1/2"]
[WhiteElo "1927"]
[BlackElo "1426"]
[PlyCount "71"]
[EventDate "2006.??.??"]

1. e4 c5 2. Nf3 d6 3. d4 cxd4 4. Nxd4 Nf6 5. Nc3 g6 6. Be2 Bg7 7. O-O O-O 8.
Kh1 Bd7 9. f3 Nc6 10. Be3 a6 11. Nd5 Rc8 12. c4 Ne5 13. Rc1 Nxd5 14. exd5 f5
15. f4 Nf7 16. b3 Nh6 17. a3 Kh8 18. Bf3 Qa5 19. Qd3 Ng8 20. Rfe1 Rfe8 21. a4
Nf6 22. Bg1 Bh6 23. g3 Kg8 24. Ne6 b5 25. axb5 axb5 26. c5 dxc5 27. Nxc5 Qb4
28. Nxd7 Nxd7 29. Rxc8 Rxc8 30. Qe3 Kf8 31. Qe6 Qd6 32. Qxd6 exd6 33. Bd4 Kf7
34. Re6 Bf8 35. Re2 Rc1+ 36. Kg2 1/2-1/2

[Event "Politiken Cup"]
[Site "Copenhagen"]
[Date "2006.07.27"]
[Round "6.105"]
[White "Andersen, Dag"]
[Black "Ovesen, Karsten"]
[Result "1-0"]
[WhiteElo "1910"]
[BlackElo "1407"]
[PlyCount "47"]
[EventDate "2006.??.??"]

1. e4 c6 2. d4 d5 3. e5 Bf5 4. Nc3 e6 5. g4 Bg6 6. Nge2 Nd7 7. h4 h6 8. Be3 c5
9. Nf4 Bh7 10. Bg2 cxd4 11. Bxd4 Ne7 12. Qe2 Nc6 13. O-O-O Nxd4 14. Rxd4 Rc8
15. Nfxd5 exd5 16. Bxd5 Bc5 17. Bxf7+ Kxf7 18. e6+ Kg8 19. Rxd7 Qe8 20. Rhd1
Be7 21. Rxb7 Bf6 22. Rdd7 Rd8 23. e7 Rxd7 24. Qe6+ 1-0

[Event "Politiken Cup"]
[Site "Copenhagen"]
[Date "2006.07.27"]
[Round "6.106"]
[White "Gade, Jens"]
[Black "Berstad, Joerund"]
[Result "0-1"]
[WhiteElo "1395"]
[BlackElo "1883"]
[PlyCount "54"]
[EventDate "2006.??.??"]

1. f4 d5 2. Nf3 c5 3. e3 Nc6 4. Be2 Nf6 5. O-O g6 6. Kh1 Bg7 7. c3 d4 8. Bb5 d3
9. Ne5 Qd6 10. Nxc6 bxc6 11. Bc4 Bf5 12. a4 O-O 13. a5 Be4 14. a6 Qd7 15. Qe1
Rab8 16. Ra5 Qd6 17. Ra4 h5 18. b3 Kh7 19. Ba3 Nd7 20. b4 cxb4 21. cxb4 Nb6 22.
b5 c5 23. Bb3 Nxa4 24. Bxa4 Qd5 25. Rf2 Qc4 26. Qd1 Bf6 27. Bb3 Qxb5 0-1

[Event "Politiken Cup"]
[Site "Copenhagen"]
[Date "2006.07.27"]
[Round "6.107"]
[White "Nielsen, Palle"]
[Black "Wiggen, Frode"]
[Result "1-0"]
[WhiteElo "1873"]
[BlackElo "1390"]
[PlyCount "77"]
[EventDate "2006.??.??"]

1. d4 Nf6 2. Nc3 e6 3. e4 Bb4 4. Bd3 d6 5. Bg5 e5 6. dxe5 dxe5 7. Qf3 Bxc3+ 8.
bxc3 Nbd7 9. Ne2 h6 10. Bh4 c6 11. O-O Qc7 12. h3 g5 13. Bg3 c5 14. c4 h5 15.
Qe3 Nh7 16. Nc3 h4 17. Nd5 Qd6 18. Bh2 g4 19. hxg4 Ndf6 20. f3 Rg8 21. Be2 b6
22. Rad1 Bd7 23. Qc3 Nxd5 24. Rxd5 Qg6 25. Qxe5+ Be6 26. Rd6 Nf8 27. Rfd1 Qg5
28. Qxg5 Rxg5 29. Kf2 Nh7 30. f4 Rg7 31. f5 Bc8 32. Rd8+ Ke7 33. e5 f6 34. e6
Nf8 35. Bf3 Bb7 36. Rxa8 Bxa8 37. Bxa8 Rxg4 38. Bd6+ Ke8 39. Bc6+ 1-0

[Event "Politiken Cup"]
[Site "Copenhagen"]
[Date "2006.07.27"]
[Round "6.108"]
[White "Christensen, Christoffer Ellegaa"]
[Black "Lindström, Per-Ove"]
[Result "0-1"]
[WhiteElo "1383"]
[BlackElo "1858"]
[PlyCount "92"]
[EventDate "2006.??.??"]

1. d4 Nf6 2. Nf3 e6 3. Bf4 b6 4. e3 Bb7 5. Bd3 Be7 6. c3 O-O 7. Nbd2 d6 8. O-O
Nbd7 9. Qc2 h6 10. Rfe1 Nh5 11. Bg3 Nxg3 12. hxg3 Rc8 13. Rac1 Re8 14. Qa4 a6
15. Bb1 Bf6 16. Qc2 g6 17. Kh2 e5 18. dxe5 Nxe5 19. Rh1 Qe7 20. Kg1 Ng4 21. Re1
Bg7 22. Rh4 Nf6 23. Qb3 Kf8 24. Kh2 g5 25. Ra4 b5 26. Ra5 c5 27. c4 Qc7 28. Ra3
b4 29. Ra4 a5 30. Rd1 Bc6 31. Bf5 Rcd8 32. Qc2 Bxa4 33. Qxa4 d5 34. Qc2 dxc4
35. Qxc4 Qe7 36. Rc1 a4 37. Qxc5 Qxc5 38. Rxc5 Rd5 39. Rc4 Rxf5 40. Rxb4 Ra8
41. Nc4 Nd7 42. Rb7 Rd5 43. Nfd2 Rb8 44. Ra7 Bxb2 45. Rxa4 Nc5 46. Ra5 Bc3 0-1

[Event "Politiken Cup"]
[Site "Copenhagen"]
[Date "2006.07.27"]
[Round "6.109"]
[White "Jensen, Mads"]
[Black "Jensen, Jan Erik"]
[Result "1-0"]
[WhiteElo "1852"]
[BlackElo "1304"]
[PlyCount "79"]
[EventDate "2006.??.??"]

1. d4 d5 2. Nc3 Nf6 3. Bg5 e6 4. e4 dxe4 5. Nxe4 Be7 6. Bxf6 Bxf6 7. Nf3 O-O 8.
c3 b6 9. Bd3 Bb7 10. Qc2 Nd7 11. O-O-O g6 12. g4 e5 13. Bb5 Bxe4 14. Qxe4 exd4
15. Nxd4 Nc5 16. Qg2 Bxd4 17. Rxd4 Qg5+ 18. Kc2 Ne6 19. Rd5 Nf4 20. Rxg5 Nxg2
21. Bc6 Rae8 22. Bxe8 Rxe8 23. Rd5 Nf4 24. Rd7 Ne6 25. Rhd1 a5 26. b4 axb4 27.
cxb4 Ra8 28. Kb3 Rc8 29. Kc4 Ra8 30. R1d2 Kf8 31. Kb5 Ke8 32. Kc6 Ra4 33. Kb5
Ra7 34. R7d3 Kf8 35. a3 Ra8 36. Ra2 Ke8 37. a4 Rb8 38. Kc6 Nd8+ 39. Kxc7 Rb7+
40. Kc8 1-0

[Event "Politiken Cup"]
[Site "Copenhagen"]
[Date "2006.07.27"]
[Round "6.110"]
[White "Bue, Gunnar"]
[Black "Roelvaag.Anders Birk"]
[Result "1-0"]
[WhiteElo "1843"]
[BlackElo "1274"]
[PlyCount "93"]
[EventDate "2006.??.??"]

1. d4 Nf6 2. c4 g6 3. Nc3 Bg7 4. e4 d6 5. f3 O-O 6. Be3 c6 7. Bd3 a6 8. Qd2 b5
9. Nge2 e5 10. d5 cxd5 11. cxd5 Nbd7 12. g4 Nc5 13. Bc2 Bd7 14. Ng3 Rc8 15. h4
b4 16. Nce2 a5 17. h5 Qe7 18. g5 Ne8 19. b3 Nc7 20. Bxc5 Nxd5 21. hxg6 Rxc5 22.
gxh7+ Kh8 23. Nh5 Nf4 24. Nxg7 Kxg7 25. Nxf4 exf4 26. O-O-O Qe5 27. Kb1 d5 28.
Qh2 Kh8 29. Qh6 Rfc8 30. Rh2 d4 31. Qf6+ Qxf6 32. gxf6 Rc3 33. Rd3 Rxd3 34.
Bxd3 Be6 35. Rc2 Rxc2 36. Kxc2 Kxh7 37. e5+ Kh6 38. Bc4 Bf5+ 39. Bd3 Be6 40.
Be4 Kg5 41. Kd3 a4 42. bxa4 Bxa2 43. Kxd4 b3 44. Kc3 b2 45. Kxb2 Bc4 46. Kc3
Bf1 47. a5 1-0

[Event "Politiken Cup"]
[Site "Copenhagen"]
[Date "2006.07.27"]
[Round "6.111"]
[White "Larsen, Lars Møller"]
[Black "Palvig, David Kinch"]
[Result "1-0"]
[WhiteElo "1737"]
[BlackElo "1238"]
[PlyCount "47"]
[EventDate "2006.??.??"]

1. e4 c6 2. d4 d5 3. exd5 cxd5 4. c4 Nf6 5. Nc3 Nc6 6. Bg5 Bf5 7. Bxf6 exf6 8.
cxd5 Qe7+ 9. Be2 Nb4 10. Kf1 Bd7 11. Qb3 a5 12. a3 Rc8 13. axb4 Qxb4 14. Qxb4
Bxb4 15. g3 O-O 16. Kg2 Bf5 17. Bf3 b6 18. Nge2 Rfe8 19. Rac1 g5 20. g4 Bd7 21.
Ne4 Rxc1 22. Nxf6+ Kh8 23. Rxc1 Rd8 24. Rc7 1-0

[Event "Politiken Cup"]
[Site "Copenhagen"]
[Date "2006.07.27"]
[Round "6.112"]
[White "Hinman, Chris"]
[Black "Bjornes, Leif"]
[Result "1/2-1/2"]
[WhiteElo "1343"]
[BlackElo "1710"]
[PlyCount "36"]
[EventDate "2006.??.??"]

1. c4 Nf6 2. g3 e6 3. Bg2 d5 4. d4 Be7 5. Bg5 O-O 6. c5 Ne4 7. Bxe7 Qxe7 8. f3
Nf6 9. e3 e5 10. Ne2 exd4 11. exd4 Re8 12. Nbc3 Qe3 13. Qd2 c6 14. Qxe3 Rxe3
15. Kd2 Re8 16. g4 Na6 17. Rae1 Bd7 18. a3 Nc7 1/2-1/2

[Event "Politiken Cup"]
[Site "Copenhagen"]
[Date "2006.07.27"]
[Round "6.113"]
[White "Forså, Elise"]
[Black "Sørensen, Jens"]
[Result "0-1"]
[WhiteElo "1020"]
[BlackElo "1681"]
[PlyCount "60"]
[EventDate "2006.??.??"]

1. e4 c5 2. Nf3 a6 3. d4 cxd4 4. Nxd4 Nf6 5. f3 e6 6. c4 Nc6 7. Nc3 Bb4 8. Qd3
O-O 9. Be3 d5 10. exd5 exd5 11. a3 Ne5 12. Qc2 Bxc3+ 13. Qxc3 Qe7 14. b3 Re8
15. Nc2 dxc4 16. Bxc4 Nxc4 17. bxc4 Bf5 18. Nd4 Qxe3+ 19. Qxe3 Rxe3+ 20. Kf2
Re5 21. Rhe1 Rae8 22. Nxf5 Rxf5 23. Rxe8+ Nxe8 24. Rb1 Rc5 25. Rxb7 Rxc4 26.
Rb8 Kf8 27. g4 f6 28. Rb3 Ra4 29. h3 Nd6 30. Rb8+ Kf7 0-1

[Event "Politiken Cup"]
[Site "Copenhagen"]
[Date "2006.07.27"]
[Round "6.114"]
[White "Al-Saad, Mofid"]
[Black "Ulvnes, Roar"]
[Result "1-0"]
[WhiteElo "1822"]
[BlackElo "1659"]
[PlyCount "81"]
[EventDate "2006.??.??"]

1. d4 d5 2. c4 c6 3. Nf3 Nf6 4. Nc3 Bf5 5. e3 e6 6. Bd3 Ne4 7. O-O Nd7 8. cxd5
exd5 9. Bxe4 dxe4 10. Nd2 Nf6 11. f3 exf3 12. gxf3 Bh3 13. Re1 Nh5 14. Nde4 Qh4
15. Nf2 Qg5+ 16. Ng4 Qg6 17. Ne2 f5 18. Nf4 Nxf4 19. exf4+ Kd7 20. Qb3 Bd6 21.
Qxb7+ Bc7 22. d5 fxg4 23. dxc6+ Kd6 24. Rd1+ Ke6 25. Qb3+ Ke7 26. Rd7+ Kf8 27.
Qb4+ Kg8 28. Qc4+ Kf8 29. Qc5+ Kg8 30. Qd5+ Kf8 31. f5 Bb6+ 32. Kh1 Bg2+ 33.
Kxg2 gxf3+ 34. Kxf3 Qh5+ 35. Kg3 Re8 36. Bf4 g5 37. Bd6+ Re7 38. Bxe7+ Ke8 39.
Rd8+ Bxd8 40. Qd7+ Kf7 41. Bxd8+ 1-0

[Event "Politiken Cup"]
[Site "Copenhagen"]
[Date "2006.07.27"]
[Round "6.115"]
[White "Eiholt, Bjarne"]
[Black "Thingstad, Anders"]
[Result "0-1"]
[WhiteElo "1650"]
[BlackElo "1301"]
[PlyCount "68"]
[EventDate "2006.??.??"]

1. d4 Nf6 2. c4 g6 3. Nc3 d5 4. Bf4 c6 5. e3 Bg7 6. Nf3 O-O 7. Bd3 dxc4 8. Bxc4
Nd5 9. Be5 Nxc3 10. bxc3 Nd7 11. Bxg7 Kxg7 12. O-O Nb6 13. Bd3 Be6 14. Qe2 Qc7
15. Ng5 Bd7 16. f4 f6 17. Nf3 c5 18. Nh4 c4 19. Bc2 Nd5 20. Qe1 f5 21. Nf3 b5
22. Ne5 Rad8 23. Rf3 Qa5 24. Rh3 Qxc3 25. Qc1 Nb4 26. e4 Qxd4+ 27. Kh1 Nxc2 28.
Rb1 Qxe4 29. Nf3 h6 30. Qb2+ Rf6 31. Rc1 Bc6 32. Qxc2 Qxc2 33. Rxc2 Rd1+ 34.
Ng1 Re6 0-1

[Event "Politiken Cup"]
[Site "Copenhagen"]
[Date "2006.07.27"]
[Round "6.116"]
[White "Ontiveros, John"]
[Black "Forsmann, Henning"]
[Result "1/2-1/2"]
[WhiteElo "1560"]
[BlackElo "1828"]
[PlyCount "92"]
[EventDate "2006.??.??"]

1. d4 d5 2. c4 e6 3. Nf3 c6 4. Nc3 f5 5. Bg5 Nf6 6. e3 Be7 7. Ne5 O-O 8. f3
Nbd7 9. Nxd7 Bxd7 10. Bd3 Qe8 11. Qc2 Qg6 12. Bxf6 Bxf6 13. f4 b6 14. b4 Be7
15. c5 bxc5 16. bxc5 a5 17. O-O Qf6 18. Rab1 Rfb8 19. Na4 Bd8 20. Rxb8 Rxb8 21.
Rb1 Bc7 22. Rxb8+ Bxb8 23. Qd2 Be8 24. Qb2 Qd8 25. Nb6 Qc7 26. Qd2 Qa7 27. a4
h6 28. Be2 Kh7 29. g4 g5 30. fxg5 hxg5 31. Bd3 Bg6 32. Qg2 Qe7 33. Kf2 Kg7 34.
gxf5 exf5 35. Nc8 Qf6 36. Ke2 Bh5+ 37. Kd2 f4 38. Qh3 fxe3+ 39. Kc3 Bg6 40.
Bxg6 Kxg6 41. Qxe3 Bxh2 42. Qd3+ Kg7 43. Qh3 Bg1 44. Qd7+ Kf8 45. Qg4 Qf2 46.
Nd6 Qe3+ 1/2-1/2

[Event "Politiken Cup"]
[Site "Copenhagen"]
[Date "2006.07.27"]
[Round "6.117"]
[White "Lavresen, Frands Winther"]
[Black "Christensen, Simon Ellegaard"]
[Result "1-0"]
[WhiteElo "1764"]
[BlackElo "1480"]
[PlyCount "81"]
[EventDate "2006.??.??"]

1. f4 d5 2. Nf3 g6 3. e3 Bg7 4. Be2 Nf6 5. O-O c5 6. d3 Nc6 7. a4 O-O 8. Qe1
Bf5 9. h3 Qb6 10. a5 Qc7 11. Nc3 a6 12. g4 Bd7 13. g5 Nh5 14. Nxd5 Qd6 15. Nb6
Bxh3 16. Rf2 Rad8 17. Rh2 Qe6 18. Nh4 Nb4 19. Bxh5 Nxc2 20. Rxc2 gxh5 21. Qe2
Bg4 22. Qf1 Qb3 23. Rd2 Rd6 24. Ra3 Qe6 25. Nc4 Rd7 26. f5 Qc6 27. Qf4 f6 28.
gxf6 Qxf6 29. Qg3 Bh6 30. Rf2 Bg5 31. Ng2 Rdd8 32. Ne5 Qd6 33. Kh2 Qh6 34. Rb3
Kh8 35. Kg1 Bxf5 36. Rb6 Qg7 37. e4 Bg4 38. Bxg5 Qxg5 39. Nf7+ Kg8 40. Nxg5
Rxf2 41. Qxf2 1-0

[Event "Politiken Cup"]
[Site "Copenhagen"]
[Date "2006.07.27"]
[Round "6.118"]
[White "Kristensen, Steffen Michael"]
[Black "Bjarnasson, Larus H"]
[Result "0-1"]
[WhiteElo "1319"]
[BlackElo "1670"]
[PlyCount "82"]
[EventDate "2006.??.??"]

1. e4 c6 2. d4 d5 3. Nc3 dxe4 4. Nxe4 Bf5 5. Qd3 Qd5 6. f3 e6 7. c4 Qa5+ 8. Bd2
Qc7 9. g4 Bg6 10. h4 h5 11. g5 Nd7 12. O-O-O O-O-O 13. Nh3 Be7 14. Qb3 e5 15.
Be3 f5 16. gxf6 gxf6 17. dxe5 Nxe5 18. Rxd8+ Qxd8 19. Bxa7 Nxf3 20. Qxf3 Qa5
21. Nc3 Qxa7 22. Qg3 Rh6 23. Nf4 Bd6 24. Qh3+ Kb8 25. Nxg6 Rxg6 26. Qd3 f5 27.
Qe2 Bf4+ 28. Kc2 Qe3 29. Qxe3 Bxe3 30. b3 Nf6 31. Kd3 f4 32. Ne4 Ng4 33. Ke2
Kc7 34. Bh3 Re6 35. Ng5 Re8 36. Kf3 Ne5+ 37. Ke2 Ng6 38. Ne6+ Kb6 39. c5+ Bxc5
40. Kd3 Be7 41. Bf5 Nxh4 0-1

[Event "Politiken Cup"]
[Site "Copenhagen"]
[Date "2006.07.27"]
[Round "6.119"]
[White "Jensen, Frederik Jessin"]
[Black "Rasmussen, Bent"]
[Result "1/2-1/2"]
[WhiteElo "1317"]
[BlackElo "1646"]
[PlyCount "129"]
[EventDate "2006.??.??"]

1. d4 d5 2. Nf3 Nf6 3. Bf4 e6 4. e3 Bd6 5. Bg5 Nbd7 6. c3 h6 7. Bh4 c5 8. Nbd2
Qc7 9. Be2 b6 10. Qc2 Bb7 11. Bg3 Bxg3 12. hxg3 Ne4 13. Nxe4 dxe4 14. Nd2 Nf6
15. Bb5+ Bc6 16. Qa4 Bxb5 17. Qxb5+ Qd7 18. Qxd7+ Kxd7 19. O-O-O cxd4 20. Nxe4
Nxe4 21. Rxd4+ Ke7 22. Rxe4 Rhd8 23. Rd4 Rxd4 24. exd4 Rd8 25. Re1 Rd5 26. Kc2
Rf5 27. f3 Rg5 28. g4 h5 29. Re5 Rxe5 30. dxe5 hxg4 31. f4 Kd7 32. Kd3 Kc6 33.
Kd4 a6 34. b4 Kb5 35. a3 Kc6 36. a4 f6 37. c4 f5 38. b5+ axb5 39. axb5+ Kc7 40.
g3 Kb7 41. c5 Kc7 42. cxb6+ Kxb6 43. Kc4 g5 44. fxg5 f4 45. g6 fxg3 46. g7 g2
47. g8=Q g1=Q 48. Qxe6+ Kb7 49. Qd7+ Kb8 50. e6 Qc1+ 51. Kd5 Qd2+ 52. Kc6 Qc3+
53. Kd6 Qb4+ 54. Ke5 Qb2+ 55. Kf5 Qf2+ 56. Kxg4 Qg2+ 57. Kf5 Qf3+ 58. Kg6 Qe4+
59. Kf7 Qh7+ 60. Ke8 Qg8+ 61. Ke7 Qg7+ 62. Kd8 Qf8+ 63. Qe8 Qd6+ 64. Qd7 Qf8+
65. Qe8 1/2-1/2

[Event "Politiken Cup"]
[Site "Copenhagen"]
[Date "2006.07.27"]
[Round "6.120"]
[White "Zyde, Furat"]
[Black "Harestad.Ove Henning"]
[Result "0-1"]
[WhiteElo "1200"]
[BlackElo "1590"]
[PlyCount "49"]
[EventDate "2006.??.??"]

1. e4 c5 2. Bc4 d6 3. Nf3 e6 4. O-O Nf6 5. d3 Be7 6. Nc3 a6 7. Bb3 b5 8. a4 b4
9. Na2 Bb7 10. c3 Nc6 11. Qe1 Na5 12. Qd1 d5 13. exd5 Nxd5 14. Bxd5 Bxd5 15. d4
b3 16. Ne5 bxa2 17. dxc5 Nb3 18. Rxa2 Nxc1 19. Qxc1 Bxa2 20. Rd1 Bd5 21. c4 Qc7
22. Qf4 Bf6 23. cxd5 Bxe5 24. d6 Bxf4 25. d7+ 0-1

[Event "Politiken Cup"]
[Site "Copenhagen"]
[Date "2006.07.27"]
[Round "6.121"]
[White "Rasmussen, Rene Rosendahl"]
[Black "Harders, Poul Erik"]
[Result "0-1"]
[WhiteElo "1144"]
[BlackElo "1585"]
[PlyCount "66"]
[EventDate "2006.??.??"]

1. e4 c5 2. Nf3 d6 3. d4 cxd4 4. Nxd4 Nf6 5. Nc3 Nc6 6. Bb5 Bd7 7. Be3 e5 8.
Nb3 a6 9. Bc4 b5 10. Bd5 Rc8 11. f3 Nb4 12. a3 Nbxd5 13. Nxd5 Nxd5 14. exd5 Be7
15. Qd2 Qc7 16. O-O-O Bf5 17. Na1 Bd8 18. g4 Bg6 19. h4 h5 20. Bg5 f6 21. Be3
Qa5 22. Qxa5 Bxa5 23. Bd2 Bxd2+ 24. Kxd2 hxg4 25. Rdg1 Rc4 26. c3 Rf4 27. Rxg4
Rxg4 28. fxg4 Bf7 29. Ke3 Ke7 30. Ke4 Rc8 31. Rd1 Rc4+ 32. Kf3 f5 33. gxf5 Bh5+
0-1

[Event "Politiken Cup"]
[Site "Copenhagen"]
[Date "2006.07.27"]
[Round "6.123"]
[White "Thingstad, Tormod"]
[Black "Petersen, Nicolai Kvist Brond"]
[Result "0-1"]
[WhiteElo "1000"]
[BlackElo "1562"]
[PlyCount "90"]
[EventDate "2006.??.??"]

1. c4 c6 2. Nc3 d5 3. cxd5 cxd5 4. Nf3 Nf6 5. g3 Nc6 6. Bg2 Bg4 7. O-O e6 8. a3
Be7 9. b4 a6 10. Rb1 b5 11. Bb2 O-O 12. Qc2 Qb6 13. d3 a5 14. bxa5 Rxa5 15. Ra1
Bxf3 16. Bxf3 Nd4 17. Qd1 Nxf3+ 18. exf3 Rfa8 19. Qb3 Qa6 20. Nb1 b4 21. Rc1 h6
22. axb4 Rxa1 23. Bxa1 Qxa1 24. b5 Qa4 25. Nd2 Qa5 26. Qb2 Ba3 27. Qc2 Bxc1 28.
Nb3 Qxb5 29. Nxc1 Ra1 30. Kg2 Rxc1 31. Qxc1 Qxd3 32. Qc8+ Kh7 33. g4 Qg6 34.
Qc7 h5 35. h3 hxg4 36. hxg4 Nxg4 37. fxg4 Qxg4+ 38. Kf1 Qc4+ 39. Qxc4 dxc4 40.
Ke2 Kg6 41. Kd2 Kf5 42. Kc3 Kf4 43. Kxc4 Kf3 44. Kd4 f6 45. Kd3 e5 0-1

[Event "Politiken Cup"]
[Site "Copenhagen"]
[Date "2006.07.27"]
[Round "6.124"]
[White "Hausken, Morten"]
[Black "Steinskog, Asbjørn Ottesen"]
[Result "0-1"]
[WhiteElo "1400"]
[BlackElo "1018"]
[PlyCount "56"]
[EventDate "2006.??.??"]

1. d4 Nf6 2. e3 d5 3. Bd3 e6 4. f4 c5 5. c3 Nc6 6. Nf3 cxd4 7. cxd4 Bd7 8. O-O
Rc8 9. Nbd2 Bd6 10. Ne5 Nb4 11. Nb3 Nxd3 12. Qxd3 a6 13. Bd2 Bb5 14. Qb1 Bxf1
15. Qxf1 O-O 16. g4 Bxe5 17. g5 Bd6 18. gxf6 Qxf6 19. Qe2 Rc2 20. Rb1 a5 21.
Nxa5 Qg6+ 22. Kf1 Rxd2 23. Qxd2 Qxb1+ 24. Ke2 Rc8 25. Kf3 Qe4+ 26. Kg4 h5+ 27.
Kxh5 Qf3+ 28. Kh4 Be7# 0-1

[Event "Politiken Cup"]
[Site "Copenhagen"]
[Date "2006.07.27"]
[Round "6.125"]
[White "Larsen, Alex"]
[Black "Nielsen, Bjørn"]
[Result "0-1"]
[WhiteElo "1171"]
[BlackElo "1090"]
[PlyCount "140"]
[EventDate "2006.??.??"]

1. e4 e5 2. Nf3 Nc6 3. d3 Nf6 4. Be3 Be7 5. Be2 O-O 6. O-O d5 7. exd5 Nxd5 8.
Bd2 Bf6 9. c3 Re8 10. Re1 Bf5 11. Na3 Qd6 12. Nc4 Qf8 13. Ne3 Nxe3 14. Bxe3
Rad8 15. Qc2 b6 16. Ng5 Ne7 17. Ne4 Bxe4 18. dxe4 Ng6 19. a4 a5 20. Bb5 Re6 21.
Red1 Nh4 22. Rxd8 Bxd8 23. f4 exf4 24. Bxf4 Rg6 25. Bg3 Qc5+ 26. Qf2 c6 27.
Qxc5 bxc5 28. Bxc6 Rxc6 29. Rd1 Rc8 30. Rd7 Ng6 31. b4 cxb4 32. cxb4 axb4 33.
Rb7 Be7 34. h4 h5 35. Kh2 f6 36. Be1 Rc4 37. g3 Rxe4 38. Bf2 Re2 39. Kg1 Rb2
40. a5 Ra2 41. Rb5 Ne5 42. Bb6 Nc4 43. Bc5 Bxc5+ 44. Rxc5 Nxa5 45. Rb5 b3 46.
g4 hxg4 47. h5 b2 48. h6 gxh6 49. Rb8+ Kg7 50. Rb4 b1=Q+ 51. Rxb1 Kg6 52. Rb5
f5 53. Rb6+ Kg5 54. Rb8 Nc4 55. Rg8+ Kh4 56. Rf8 Ne3 57. Rf6 Kg5 58. Rf8 Kh4
59. Rh8 h5 60. Rh7 f4 61. Rh6 f3 62. Rh7 Ra5 63. Kf2 Ng2 64. Rg7 Rg5 65. Rd7
Re5 66. Rd1 Re2+ 67. Kg1 Re1+ 68. Kf2 g3+ 69. Kxf3 Rxd1 70. Kxg2 Rd3 0-1

[Event "Politiken Cup"]
[Site "Copenhagen"]
[Date "2006.07.27"]
[Round "6.126"]
[White "Mossiaguine, Arina"]
[Black "Mølvig, Julius"]
[Result "0-1"]
[WhiteElo "1200"]
[BlackElo "1000"]
[PlyCount "80"]
[EventDate "2006.??.??"]

1. d4 d5 2. Bf4 Nc6 3. e3 Nf6 4. Nd2 Bf5 5. Ngf3 e6 6. c3 Be7 7. h3 O-O 8. Be2
Ne4 9. Rf1 Nxd2 10. Qxd2 Na5 11. g4 Bg6 12. Ne5 Nc4 13. Bxc4 dxc4 14. b3 cxb3
15. axb3 Be4 16. f3 Bd5 17. c4 f6 18. Nd3 Bc6 19. e4 Qxd4 20. O-O-O f5 21. Be3
Qa1+ 22. Kc2 Qa2+ 23. Nb2 Bf6 24. Bd4 Bxd4 25. Qxd4 Qa3 26. Ra1 Qe7 27. gxf5
exf5 28. e5 Rfd8 29. Qf4 g6 30. h4 Qb4 31. Rh1 Rf8 32. h5 Be8 33. Rag1 Kg7 34.
hxg6 Bxg6 35. Qg5 f4+ 36. Nd3 Rad8 37. e6 Rh8 38. Kd1 Rxd3+ 39. Ke2 Qd2+ 40.
Kf1 Rxf3# 0-1

[Event "Politiken Cup"]
[Site "Copenhagen"]
[Date "2006.07.27"]
[Round "6.127"]
[White "Holmen, Halfdan"]
[Black "Gjedsted, Søren Havn"]
[Result "1/2-1/2"]
[WhiteElo "1000"]
[BlackElo "1360"]
[PlyCount "34"]
[EventDate "2006.??.??"]

1. e4 Nf6 2. Nc3 d5 3. exd5 Nxd5 4. Bc4 Nxc3 5. bxc3 e6 6. Nf3 Bd6 7. O-O b6 8.
d4 Nd7 9. Re1 Nf6 10. Bb5+ Bd7 11. Bxd7+ Qxd7 12. c4 O-O 13. c3 a5 14. a4 Rad8
15. Ba3 Bxa3 16. Rxa3 Qc8 17. Ne5 Qb7 1/2-1/2

[Event "Politiken Cup"]
[Site "Copenhagen"]
[Date "2006.07.28"]
[Round "7.1"]
[White "Karlsson, Lars"]
[Black "Malakhatko, Vadim"]
[Result "0-1"]
[WhiteElo "2506"]
[BlackElo "2594"]
[PlyCount "63"]
[EventDate "2006.??.??"]

1. b3 d5 2. Bb2 Bg4 3. f3 Bh5 4. e3 f6 5. d4 e6 6. Ne2 Bd6 7. Nbc3 c6 8. Qd2
Ne7 9. h4 Bf7 10. h5 h6 11. g4 Nd7 12. Bg2 b5 13. a3 a5 14. e4 b4 15. axb4 axb4
16. Rxa8 Qxa8 17. Na4 O-O 18. O-O Qb8 19. Qe3 Re8 20. Nc5 Bxc5 21. dxc5 e5 22.
f4 dxe4 23. fxe5 Nd5 24. Qg3 Nxe5 25. Bxe4 Qb5 26. Nd4 Qxc5 27. Qf2 Nc3 28.
Bxc3 Qxc3 29. Nf5 Nxg4 30. Qg2 Qc5+ 31. Kh1 Rxe4 32. Ra1 0-1

[Event "Politiken Cup"]
[Site "Copenhagen"]
[Date "2006.07.28"]
[Round "7.2"]
[White "Rasmussen, Allan Stig"]
[Black "Hector, Jonny"]
[Result "1/2-1/2"]
[WhiteElo "2353"]
[BlackElo "2508"]
[PlyCount "135"]
[EventDate "2006.??.??"]

1. e4 e5 2. Nf3 Nc6 3. d4 exd4 4. Nxd4 Qf6 5. Be3 Bc5 6. c3 Nge7 7. Bc4 O-O 8.
O-O Qg6 9. Nxc6 Qxc6 10. Bxc5 Qxc5 11. Qd4 Qb6 12. Qxb6 axb6 13. Bb3 d6 14. Nd2
Nc6 15. f4 Re8 16. Kf2 Kf8 17. Rfe1 h6 18. h4 Bd7 19. g3 b5 20. a3 Na5 21. Bd5
c6 22. Ba2 b6 23. c4 bxc4 24. Nxc4 Nxc4 25. Bxc4 b5 26. Bb3 Ke7 27. e5 d5 28.
Ke3 Bf5 29. Rec1 Kd7 30. a4 Reb8 31. a5 g5 32. fxg5 hxg5 33. Bd1 Re8 34. Kd4 f6
35. exf6 Kd6 36. Bf3 g4 37. f7 Red8 38. Bh1 Ra7 39. a6 Be6 40. b4 Bxf7 41. Rf1
Re7 42. Rf6+ Kc7 43. a7 Ra8 44. Bg2 Be8 45. Rf4 Bd7 46. Bf1 Kb6 47. Bd3 Bc8 48.
h5 Ba6 49. Rxg4 Rexa7 50. h6 Rh8 51. Rh4 Rf7 52. Rf1 Ra7 53. g4 Bc8 54. g5 Ra4
55. Kc3 Be6 56. h7 d4+ 57. Kd2 Ra2+ 58. Bc2 d3 59. Kxd3 Bc4+ 60. Rxc4 bxc4+ 61.
Kc3 Rxc2+ 62. Kxc2 Rxh7 63. Rg1 c5 64. Kc3 cxb4+ 65. Kxb4 Kc6 66. Kxc4 Kd6 67.
Kd4 Ke6 68. Ke4 1/2-1/2

[Event "Politiken Cup"]
[Site "Copenhagen"]
[Date "2006.07.28"]
[Round "7.3"]
[White "Short, Nigel D"]
[Black "Antonsen, Mikkel"]
[Result "1-0"]
[WhiteElo "2676"]
[BlackElo "2380"]
[PlyCount "71"]
[EventDate "2006.??.??"]

1. e4 e6 2. d4 d5 3. Nc3 Bb4 4. e5 c5 5. Qg4 Ne7 6. dxc5 Nbc6 7. Bd2 O-O 8.
O-O-O f5 9. exf6 Rxf6 10. Bd3 Qf8 11. Nf3 Bxc5 12. Bg5 Rf7 13. Be3 Bxe3+ 14.
fxe3 h6 15. e4 Nb4 16. Qg3 Nec6 17. exd5 Nxd3+ 18. Rxd3 exd5 19. Rxd5 Bf5 20.
a3 Bh7 21. Re1 Re7 22. Rxe7 Nxe7 23. Rd2 Rc8 24. Qe5 Kh8 25. Nd4 Ng6 26. Qf5
Qe8 27. Re2 Qd8 28. Ne6 Qb6 29. Qf7 Rg8 30. g3 Qg1+ 31. Nd1 Qb6 32. Qf2 Qc6 33.
Qxa7 Ne5 34. Qc5 Qxe6 35. Rxe5 Qg4 36. Qf2 1-0

[Event "Politiken Cup"]
[Site "Copenhagen"]
[Date "2006.07.28"]
[Round "7.4"]
[White "Rasmussen, Karsten"]
[Black "Hansen, Curt"]
[Result "0-1"]
[WhiteElo "2467"]
[BlackElo "2625"]
[PlyCount "110"]
[EventDate "2006.??.??"]

1. Nf3 Nf6 2. c4 g6 3. Nc3 Bg7 4. e4 c5 5. d4 Qa5 6. Bd2 cxd4 7. Nxd4 Nc6 8.
Nc2 O-O 9. Be2 Qd8 10. O-O b6 11. Ne3 Bb7 12. Rc1 d6 13. b3 Nd7 14. Bd3 Nc5 15.
Bb1 e6 16. Ne2 a5 17. Bc3 a4 18. Bxg7 Kxg7 19. Nc3 axb3 20. axb3 e5 21. Nb5 Ba6
22. b4 Nxb4 23. Nxd6 f6 24. Qg4 Ra7 25. Rcd1 Rd7 26. f4 Nc6 27. Ndf5+ Kh8 28.
Nh6 Rxd1 29. Rxd1 Qe7 30. f5 Qg7 31. Qh4 g5 32. Qh5 Nd4 33. h4 gxh4 34. Kh1 Bb7
35. Nd5 b5 36. cxb5 Bxd5 37. exd5 Nxb5 38. Rc1 Nb3 39. Rc6 N3d4 40. Rb6 Nc3 41.
Qxh4 Nxd5 42. Rd6 Ne3 43. Be4 Ne2 44. Rd3 Nf1 45. Ng4 Nfg3+ 46. Rxg3 Nxg3+ 47.
Qxg3 h5 48. Bf3 hxg4 49. Bxg4 Qh6+ 50. Kg1 Rg8 51. Qf3 Rc8 52. Bh5 Qg5 53. Bg4
Rc1+ 54. Kh2 Rc4 55. Kh3 Rf4 0-1